Statystyki dla Kraje o Największej Gospodarce Według PKB

Kliknij tutaj aby rozwiązać quiz!

Ogólne statystyki

  • Ten quiz został rozwiązany 23 razy
  • Średni wynik to 17 z 20

Statystyki odpowiedzi

$ BilionówOdpowiedż% Poprawnych
35.3Chiny
100%
28.8Stany Zjednoczone
100%
4.27Brazylia
95%
3.99Francja
95%
6.72Japonia
95%
2.47Kanada
95%
5.47Rosja
95%
14.6Indie
91%
3.06Korea Południowa
91%
3.43Meksyk
91%
4.03Wielka Brytania
91%
3.35Włochy
91%
2.35Arabia Saudyjska
86%
5.69Niemcy
86%
2.52Hiszpania
82%
3.83Turcja
77%
1.80Polska
73%
1.90Egipt
68%
1.85Iran
59%
4.72Indonezja
50%

Rozkład punktacji

Percentyl według liczby udzielonych odpowiedzi

Procent ludzi z każdym wynikiem

Twoja historia wyników

Nie rozwiązałeś tego quizu